[Event "NAYCC U14"]
[Site "Kingston CAN"]
[Date "2019.08.19"]
[Round "8.113"]
[White "Zheng, Richard Qinghe"]
[Black "Oberoi, Shelev"]
[Result "1-0"]
[WhiteElo "2180"]
[BlackElo "2140"]
[PlyCount "131"]
[EventDate "2019.08.16"]
[EventType "swiss"]
[EventRounds "9"]
[EventCountry "CAN"]

1. b3 g6 2. Bb2 Nf6 3. Nc3 d5 4. d4 Bg7 5. Qd2 Bf5 6. O-O-O c6 7. f3 h5 8. Kb1
b5 9. a4 a6 10. Nh3 Nbd7 11. Nf2 Bh6 12. e3 Qa5 13. Qe1 O-O 14. Nxd5 Qd8 15.
Nc3 bxa4 16. Nxa4 Nb6 17. e4 Nxa4 18. exf5 Nxb2 19. Kxb2 gxf5 20. g4 Kh8 21.
Bc4 a5 22. Qe5 a4 23. b4 a3+ 24. Ka2 Ra4 25. c3 fxg4 26. Ne4 Qb8 27. Nxf6 Qxe5
28. dxe5 exf6 29. exf6 gxf3 30. Rhf1 Rg8 31. Rxf3 Rg2+ 32. Ka1 Ra8 33. h3 Kg8
34. Rf5 a2 35. Ra5 Rxa5 36. bxa5 Bd2 37. Kxa2 Bxc3+ 38. Kb3 Bxf6 39. a6 Rb2+
40. Ka3 Rb8 41. Rd7 Kg7 42. Bxf7 Kh6 43. Bc4 Kg5 44. Bf1 Ra8 45. Kb3 Bd8 46.
Rb7 Bf6 47. Rd7 Bd8 48. Rg7+ Kf4 49. Rb7 Bh4 50. Rf7+ Kg5 51. Kb4 Kg6 52. Rc7
Bf2 53. Rxc6+ Kg5 54. Rd6 h4 55. Kb5 Rb8+ 56. Kc4 Kf4 57. Rg6 Rb1 58. Rg4+ Ke3
59. Bg2 Ra1 60. Kb5 Rg1 61. a7 Rb1+ 62. Rb4 Ra1 63. Ra4 Rb1+ 64. Ka6 Ke2 65.
a8=Q Rb6+ 66. Ka5 1-0

[Event "NAYCC U14"]
[Site "Kingston CAN"]
[Date "2019.08.19"]
[Round "8.114"]
[White "Tanaka, Tyler"]
[Black "Zong, Davis"]
[Result "1/2-1/2"]
[WhiteElo "2227"]
[BlackElo "2263"]
[PlyCount "64"]
[EventDate "2019.08.16"]
[EventType "swiss"]
[EventRounds "9"]
[EventCountry "CAN"]

1. Nf3 Nf6 2. g3 d5 3. Bg2 c6 4. O-O Bg4 5. c4 Nbd7 6. d3 e5 7. cxd5 cxd5 8. d4
e4 9. Ne5 Bh5 10. Nc3 Bb4 11. Qb3 Bxc3 12. bxc3 Bxe2 13. Re1 Ba6 14. Ba3 Qc7
15. f3 Nb6 16. fxe4 dxe4 17. Bh3 Bc4 18. Nxc4 Qxc4 19. Qc2 Qc6 20. Bf5 Nc4 21.
Bxe4 Nxe4 22. Rxe4+ Kd8 23. Bc5 b6 24. Be7+ Kc7 25. d5 Qxd5 26. Rd1 Qc6 27. Qe2
b5 28. Bb4 Rae8 29. Re7+ Kb8 30. Re1 Qb6+ 31. Kh1 Qc6+ 32. Kg1 Qb6+ 1/2-1/2

[Event "NAYCC U14"]
[Site "Kingston CAN"]
[Date "2019.08.19"]
[Round "8.115"]
[White "England, Max"]
[Black "Kang, Dorian"]
[Result "0-1"]
[WhiteElo "1998"]
[BlackElo "2209"]
[PlyCount "78"]
[EventDate "2019.08.16"]
[EventType "swiss"]
[EventRounds "9"]
[EventCountry "CAN"]

1. e4 c5 2. Nf3 d6 3. d4 cxd4 4. Nxd4 Nf6 5. Nc3 a6 6. Be3 e5 7. Nb3 Be6 8. f3
Be7 9. Qd2 h5 10. O-O-O Nbd7 11. Nd5 Nxd5 12. exd5 Bf5 13. Bd3 Bxd3 14. Qxd3
Bg5 15. Nd2 Rc8 16. Ne4 Bxe3+ 17. Qxe3 Qc7 18. Qc3 Qxc3 19. Nxc3 f5 20. h4 Nf6
21. Rhe1 Rc5 22. Rd4 b5 23. g3 Kd7 24. Rd3 Ke7 25. Rd4 Kf7 26. Rd3 Rh6 27. Red1
Rg6 28. Ne2 b4 29. a3 a5 30. Kb1 bxa3 31. Rxa3 Nxd5 32. Rad3 Nb4 33. Rxd6 Rxd6
34. Rxd6 Rxc2 35. Nc3 Rf2 36. Nd1 Rxf3 37. Rd7+ Kg6 38. Rd6+ Kh7 39. Re6 Rxg3
0-1

[Event "NAYCC U14"]
[Site "Kingston CAN"]
[Date "2019.08.19"]
[Round "8.116"]
[White "Hu, Merric"]
[Black "Zhang, Samuel"]
[Result "1-0"]
[WhiteElo "2215"]
[BlackElo "2048"]
[PlyCount "83"]
[EventDate "2019.08.16"]
[EventType "swiss"]
[EventRounds "9"]
[EventCountry "CAN"]

1. e4 c5 2. Nf3 d6 3. d4 cxd4 4. Nxd4 Nf6 5. Nc3 a6 6. Be2 e5 7. Nb3 Be7 8. O-O
O-O 9. Be3 Be6 10. Qd2 Nbd7 11. a4 Rc8 12. a5 Qc7 13. Rfd1 h6 14. f3 Rfd8 15.
Nc1 Nc5 16. Nd5 Nxd5 17. exd5 Bf5 18. b4 Nd7 19. c4 Bf6 20. Ra2 Re8 21. Nb3 e4
22. f4 h5 23. Rc2 h4 24. Rdc1 Nb8 25. c5 Qd7 26. h3 Red8 27. c6 bxc6 28. dxc6
Rxc6 29. Rxc6 Nxc6 30. Bb6 Rb8 31. b5 axb5 32. Bxb5 Qe6 33. Bc4 Qe7 34. Bd5 e3
35. Qe1 Be6 36. Bxc6 Bxb3 37. Qxe3 Qxe3+ 38. Bxe3 d5 39. a6 d4 40. a7 Rd8 41.
Bd2 d3 42. a8=Q 1-0

[Event "NAYCC U14"]
[Site "Kingston CAN"]
[Date "2019.08.19"]
[Round "8.117"]
[White "Doknjas, Neil"]
[Black "Lu, Jason"]
[Result "1-0"]
[WhiteElo "2083"]
[BlackElo "2161"]
[PlyCount "111"]
[EventDate "2019.08.16"]
[EventType "swiss"]
[EventRounds "9"]
[EventCountry "CAN"]

1. e4 c5 2. Nf3 d6 3. d4 cxd4 4. Nxd4 Nf6 5. Nc3 a6 6. f3 e6 7. Be3 b5 8. Qd2
Nbd7 9. O-O-O b4 10. Na4 Ne5 11. b3 Bd7 12. Nb2 d5 13. Bg5 dxe4 14. Bxf6 Qxf6
15. f4 Nd3+ 16. Bxd3 exd3 17. Qxd3 Qxf4+ 18. Kb1 Qc7 19. Qf3 Rc8 20. Rhf1 f6
21. Qh5+ g6 22. Qe2 e5 23. Rxf6 Be7 24. Ne6 Bxe6 25. Rxe6 O-O 26. Nc4 Bc5 27.
Nxe5 Rcd8 28. Rxd8 Rxd8 29. Ng4 a5 30. Nf6+ Kf7 31. Nxh7 Rd1+ 32. Qxd1 Kxe6 33.
Ng5+ Kf6 34. h4 Qe7 35. Nf3 Kg7 36. Qd5 Bd6 37. h5 Qf6 38. Qxa5 Qe6 39. hxg6
Kxg6 40. Qg5+ Kf7 41. g4 Qe2 42. Qf5+ Kg7 43. Qg5+ Kf7 44. Qf5+ Kg7 45. g5 Qd1+
46. Kb2 Kg8 47. Qe6+ Kh8 48. Qf6+ Kh7 49. Qe6 Kh8 50. Qh3+ Kg8 51. g6 Be5+ 52.
Nxe5 Qd4+ 53. Kc1 Qg1+ 54. Kd2 Qf2+ 55. Kd3 Qf1+ 56. Qxf1 1-0

[Event "NAYCC U14"]
[Site "Kingston CAN"]
[Date "2019.08.19"]
[Round "8.118"]
[White "Zhang, Kevin2"]
[Black "Modi, Ethan"]
[Result "1/2-1/2"]
[WhiteElo "1795"]
[BlackElo "1980"]
[PlyCount "59"]
[EventDate "2019.08.16"]
[EventType "swiss"]
[EventRounds "9"]
[EventCountry "CAN"]

1. e4 c6 2. d4 d5 3. Nc3 dxe4 4. Nxe4 Nd7 5. Nf3 Ngf6 6. Nxf6+ Nxf6 7. Bc4 Bf5
8. O-O e6 9. Re1 Be7 10. Bf4 O-O 11. c3 Bg4 12. h3 Bh5 13. Qe2 Qb6 14. Bb3 a5
15. Rab1 Bg6 16. Bc2 Bxc2 17. Qxc2 c5 18. Bg5 cxd4 19. Nxd4 Rac8 20. Qe2 Rfe8
21. Qf3 Nd5 22. Bxe7 Nxe7 23. Qe4 Nd5 24. Qe5 Nf6 25. Nb3 a4 26. Nd4 Rc5 27.
Qg3 h6 28. b3 a3 29. c4 Rg5 30. Qc3 1/2-1/2

[Event "NAYCC U14"]
[Site "Kingston CAN"]
[Date "2019.08.19"]
[Round "8.119"]
[White "Hua, Charles"]
[Black "Wu, Eric"]
[Result "1-0"]
[WhiteElo "2062"]
[BlackElo "2080"]
[PlyCount "121"]
[EventDate "2019.08.16"]
[EventType "swiss"]
[EventRounds "9"]
[EventCountry "CAN"]

1. e4 c5 2. c3 d5 3. exd5 Qxd5 4. d4 Nc6 5. Nf3 Nf6 6. Be2 e6 7. Na3 a6 8. Nc4
Qd8 9. O-O b5 10. Nce5 Bb7 11. Bg5 h6 12. Bh4 Be7 13. a4 Qb6 14. dxc5 Qc7 15.
Nxc6 Qxc6 16. axb5 axb5 17. Rxa8+ Bxa8 18. Qb3 O-O 19. Qxb5 Qxb5 20. Bxb5 g5
21. Bg3 Bxc5 22. Ne5 Rb8 23. c4 Rd8 24. Bc6 h5 25. Bxa8 Rxa8 26. Nd3 Ba7 27. b4
Rd8 28. Ne5 Rc8 29. h4 Ne4 30. c5 Bb8 31. Rc1 Nxg3 32. fxg3 g4 33. Kf2 Kg7 34.
Nd7 Ba7 35. Ra1 Rc7 36. Ne5 Kf6 37. Nc4 Ke7 38. Nb6 Kd8 39. Rd1+ Ke7 40. Nc4
Rb7 41. Nd6 Rb8 42. Ra1 Bb6 43. Ke2 Kd7 44. Rd1 Bc7 45. Nb5+ Kc8 46. Nxc7 Kxc7
47. Rb1 Kc6 48. Kd3 Kb5 49. Ra1 Rd8+ 50. Kc3 Rd5 51. Ra5+ Kc6 52. Ra7 Re5 53.
Kd4 f6 54. Ra6+ Kb7 55. b5 Re1 56. c6+ Kb8 57. b6 Rd1+ 58. Ke3 Rc1 59. b7 Kc7
60. Ra8 Rc3+ 61. Kd4 1-0

[Event "NAYCC U14"]
[Site "Kingston CAN"]
[Date "2019.08.19"]
[Round "8.120"]
[White "Mao, Fengxi"]
[Black "Shubin, Daniel"]
[Result "0-1"]
[WhiteElo "2111"]
[BlackElo "2041"]
[PlyCount "80"]
[EventDate "2019.08.16"]
[EventType "swiss"]
[EventRounds "9"]
[EventCountry "CAN"]

1. e4 e6 2. d4 d5 3. Nd2 Nf6 4. e5 Nfd7 5. f4 c5 6. c3 Nc6 7. Ndf3 Qb6 8. g3
cxd4 9. cxd4 f6 10. Bd3 Bb4+ 11. Kf1 O-O 12. Kg2 Kh8 13. Bc2 Be7 14. Qd3 f5 15.
a3 Qa6 16. Qe3 b5 17. b3 Qb7 18. h3 a5 19. g4 g6 20. Qf2 a4 21. b4 Nb6 22. Qg3
Qc7 23. Ra2 Nxb4 24. axb4 Qc4 25. Rh2 Qxa2 26. Kh1 Qc4 27. h4 Qc6 28. h5 Qe8
29. hxg6 Qxg6 30. g5 a3 31. Rh6 Qg7 32. Qh2 Kg8 33. Qh5 a2 34. g6 hxg6 35. Rxg6
a1=Q 36. Ng5 Bxg5 37. Rxg7+ Kxg7 38. Qxg5+ Kf7 39. Bxf5 Rh8+ 40. Kg2 Rg8 0-1

[Event "NAYCC U14"]
[Site "Kingston CAN"]
[Date "2019.08.19"]
[Round "8.121"]
[White "Tu, Lewis"]
[Black "Zhao, Jeffrey Renfei"]
[Result "1/2-1/2"]
[WhiteElo "1937"]
[BlackElo "1999"]
[PlyCount "86"]
[EventDate "2019.08.16"]
[EventType "swiss"]
[EventRounds "9"]
[EventCountry "CAN"]

1. c4 e6 2. Nc3 d5 3. d4 Be7 4. Nf3 Nf6 5. cxd5 exd5 6. Bg5 Nbd7 7. e3 c6 8.
Bd3 O-O 9. Qc2 Re8 10. O-O h6 11. Bf4 Nh5 12. Nxd5 Nxf4 13. Nxf4 Bd6 14. Ne2
Nf8 15. h3 Ne6 16. e4 Bc7 17. Rad1 Qe7 18. d5 cxd5 19. exd5 Nf4 20. Nxf4 Bxf4
21. Qa4 Bd6 22. Rde1 Bd7 23. Bb5 Bxb5 24. Qxb5 Qd8 25. Rxe8+ Qxe8 26. Qxb7 Rb8
27. Qxa7 Rxb2 28. a4 Ra2 29. a5 Qd8 30. a6 Qc8 31. Qe3 Rxa6 32. Rc1 Qb8 33. Qc3
Ra2 34. Qc6 Qa7 35. Qe8+ Kh7 36. Qe4+ g6 37. Qe3 Qxe3 38. fxe3 Bg3 39. e4 Re2
40. Rc4 Ra2 41. Rc1 Re2 42. Rc4 Ra2 43. Rc1 Re2 1/2-1/2

[Event "NAYCC U14"]
[Site "Kingston CAN"]
[Date "2019.08.19"]
[Round "8.122"]
[White "Craciun, David"]
[Black "Huang, Ryan"]
[Result "1-0"]
[WhiteElo "1949"]
[BlackElo "2024"]
[PlyCount "85"]
[EventDate "2019.08.16"]
[EventType "swiss"]
[EventRounds "9"]
[EventCountry "CAN"]

1. d4 Nf6 2. Bf4 d5 3. e3 c5 4. Nd2 Nc6 5. Ngf3 Bg4 6. c3 e6 7. Be2 Rc8 8. O-O
Be7 9. h3 Bh5 10. g4 Bg6 11. Ne5 Nxe5 12. dxe5 Nd7 13. c4 O-O 14. Qb3 Qa5 15.
Rad1 Rfd8 16. Bg3 Nb6 17. f4 f5 18. Nf3 Qa6 19. Rc1 fxg4 20. hxg4 dxc4 21. Rxc4
Rc6 22. f5 Bf7 23. Rc2 c4 24. Qc3 Rd3 25. Qe1 Bc5 26. Bxd3 cxd3 27. Rc1 exf5
28. gxf5 Qxa2 29. e6 Bh5 30. Ne5 Qxb2 31. Nxd3 Qb5 32. Nxc5 Rxc5 33. Rxc5 Qxc5
34. Qd2 Qe7 35. Qd4 Be8 36. Bh4 Qc7 37. Rf2 Qc1+ 38. Kh2 Qc7+ 39. Bg3 Qe7 40.
e4 Qg5 41. e5 Qh5+ 42. Bh4 Nd5 43. f6 1-0

[Event "NAYCC U14"]
[Site "Kingston CAN"]
[Date "2019.08.19"]
[Round "8.123"]
[White "Richard, Leo"]
[Black "Windram, James"]
[Result "1/2-1/2"]
[WhiteElo "1940"]
[BlackElo "2064"]
[PlyCount "44"]
[EventDate "2019.08.16"]
[EventType "swiss"]
[EventRounds "9"]
[EventCountry "CAN"]

1. d4 Nf6 2. Nf3 c5 3. g3 g6 4. Bg2 Bg7 5. O-O cxd4 6. Nxd4 O-O 7. c4 Nc6 8.
Nc3 Qb6 9. Nc2 d6 10. Ne3 Bd7 11. Rb1 a5 12. Ned5 Nxd5 13. Nxd5 Qd8 14. Be3 Bf5
15. Bb6 Qd7 16. e4 Be6 17. c5 dxc5 18. Bxc5 Bxd5 19. exd5 Ne5 20. Re1 Rfe8 21.
Bd4 Qd6 22. f4 Nd7 1/2-1/2

[Event "NAYCC U14"]
[Site "Kingston CAN"]
[Date "2019.08.19"]
[Round "8.124"]
[White "Gao, Raymond"]
[Black "Wu, Lucian"]
[Result "1/2-1/2"]
[WhiteElo "2136"]
[BlackElo "1832"]
[PlyCount "67"]
[EventDate "2019.08.16"]
[EventType "swiss"]
[EventRounds "9"]
[EventCountry "CAN"]

1. e4 e5 2. Nf3 Nc6 3. d4 exd4 4. Bc4 Nf6 5. e5 Ne4 6. O-O Be7 7. c3 dxc3 8.
Qd5 O-O 9. Qxe4 cxb2 10. Bxb2 d6 11. Rd1 Bd7 12. exd6 Bxd6 13. Nc3 Re8 14. Qc2
Bg4 15. Qb3 Bxf3 16. Bxf7+ Kh8 17. gxf3 Qg5+ 18. Kf1 Bxh2 19. Bxe8 Qg1+ 20. Ke2
Rxe8+ 21. Ne4 Qg2 22. Qe3 Nd8 23. Rd7 Ne6 24. Rad1 Bf4 25. Bxg7+ Qxg7 26. Rxg7
Bxe3 27. Rf7 Bb6 28. Rdd7 Nf8 29. Kd3 Nxd7 30. Rxd7 Rf8 31. Ng5 Kg8 32. Ke2 h6
33. Ne4 h5 34. Rd5 1/2-1/2

[Event "NAYCC U14"]
[Site "Kingston CAN"]
[Date "2019.08.19"]
[Round "8.125"]
[White "Chakkoli, Anirud"]
[Black "Zheng, Kevin"]
[Result "0-1"]
[WhiteElo "1769"]
[BlackElo "2058"]
[PlyCount "88"]
[EventDate "2019.08.16"]
[EventType "swiss"]
[EventRounds "9"]
[EventCountry "CAN"]

1. e4 c5 2. Nf3 Nc6 3. d4 cxd4 4. Nxd4 g6 5. Be3 Nf6 6. Nc3 Bg7 7. Bc4 Qa5 8.
Bb3 Nxe4 9. O-O Nxc3 10. Nxc6 dxc6 11. bxc3 Qxc3 12. Re1 Qxa1 13. Qxa1 Bxa1 14.
Rxa1 O-O 15. Re1 e6 16. h3 Rd8 17. c3 b6 18. Kh2 c5 19. Bg5 Rd3 20. c4 Kg7 21.
Be3 Bb7 22. g4 f5 23. gxf5 exf5 24. Bf4 Kf7 25. Ba4 Rf3 26. Bg3 Rc8 27. Bh4 Be4
28. Re2 h6 29. Bg3 Bc6 30. Bd1 f4 31. Bh4 g5 32. Re5 Rc3 33. Bxg5 hxg5 34. Rf5+
Kg6 35. Re5 Re8 36. Rxe8 Bxe8 37. Bb3 a5 38. Kg2 a4 39. Bd1 Rxc4 40. h4 gxh4
41. Kh3 Rc3+ 42. Kxh4 Bd7 43. f3 Rc1 44. Bc2+ Rxc2 0-1

[Event "NAYCC U14"]
[Site "Kingston CAN"]
[Date "2019.08.19"]
[Round "8.126"]
[White "Liu, Harrison"]
[Black "Rusonik, Max"]
[Result "1-0"]
[WhiteElo "1684"]
[BlackElo "2180"]
[PlyCount "93"]
[EventDate "2019.08.16"]
[EventType "swiss"]
[EventRounds "9"]
[EventCountry "CAN"]

1. e4 e5 2. Nf3 Nc6 3. Bc4 Bc5 4. c3 Nf6 5. d3 a6 6. Bb3 Ba7 7. Nbd2 O-O 8. h3
d5 9. Qe2 dxe4 10. dxe4 Nh5 11. g3 Be6 12. Bc2 Qf6 13. Nf1 b5 14. b3 b4 15. c4
Bd4 16. Rb1 g6 17. Bb2 Rfd8 18. Ne3 Bxb2 19. Rxb2 Nd4 20. Nxd4 exd4 21. Nd5
Bxd5 22. cxd5 d3 23. Bxd3 Qc3+ 24. Qd2 f5 25. Qxc3 bxc3 26. Re2 fxe4 27. Bxe4
Nf6 28. O-O Nxe4 29. Rxe4 Rxd5 30. Rc1 Rc5 31. Re3 c2 32. Re2 Rd8 33. Rcxc2
Rd1+ 34. Kg2 Rc1 35. Rxc1 Rxc1 36. Re6 c6 37. Re8+ Kf7 38. Ra8 Ke6 39. Rxa6 Kd5
40. Ra7 Ra1 41. Rxh7 Rxa2 42. Rg7 Rb2 43. Rxg6 Rxb3 44. h4 c5 45. Rg8 Rb6 46.
h5 c4 47. Rc8 1-0

[Event "NAYCC U14"]
[Site "Kingston CAN"]
[Date "2019.08.19"]
[Round "8.127"]
[White "Li, Weijie"]
[Black "Li, Dennis"]
[Result "0-1"]
[WhiteElo "2022"]
[BlackElo "2151"]
[PlyCount "72"]
[EventDate "2019.08.16"]
[EventType "swiss"]
[EventRounds "9"]
[EventCountry "CAN"]

1. d4 Nf6 2. c4 g6 3. Nc3 Bg7 4. e4 d6 5. f3 O-O 6. Be3 b6 7. Nge2 Ba6 8. Ng3
c5 9. d5 e6 10. Be2 exd5 11. cxd5 Re8 12. O-O Bxe2 13. Qxe2 a6 14. a4 Nbd7 15.
f4 h5 16. Qd3 Ng4 17. Nge2 c4 18. Qd2 Nc5 19. Bxc5 bxc5 20. Rae1 Rb8 21. h3 Nf6
22. Qc2 Qb6 23. Rb1 Qb3 24. Qd2 Nxe4 25. Nxe4 Rxe4 26. Nc3 Bd4+ 27. Kh1 Re3 28.
f5 Rbe8 29. fxg6 fxg6 30. Rbc1 Qb7 31. Nd1 R3e5 32. Rxc4 Qxd5 33. Rc2 Kg7 34.
Nc3 Qe6 35. Rcc1 Re3 36. Rc2 Rxh3+ 0-1

[Event "NAYCC U14"]
[Site "Kingston CAN"]
[Date "2019.08.20"]
[Round "9.128"]
[White "Rusonik, Max"]
[Black "Joseph Benher, Savio"]
[Result "1-0"]
[WhiteElo "2180"]
[BlackElo "2033"]
[PlyCount "75"]
[EventDate "2019.08.16"]
[EventType "swiss"]
[EventRounds "9"]
[EventCountry "CAN"]

1. e4 e6 2. d4 d5 3. Nc3 Bb4 4. e5 b6 5. a3 Bf8 6. f4 Ne7 7. Nf3 Ba6 8. Bxa6
Nxa6 9. Qd3 Nb8 10. Be3 Nf5 11. O-O h5 12. Ne2 c5 13. g3 c4 14. Qd2 Nc6 15. h3
b5 16. Bf2 Be7 17. Kg2 a5 18. Rh1 g6 19. g4 Ng7 20. b3 Rb8 21. Qe1 Rc8 22. Bh4
Bxh4 23. Nxh4 g5 24. Nf3 gxf4 25. Nxf4 hxg4 26. hxg4 Kd7 27. bxc4 bxc4 28. Rb1
Rb8 29. c3 Rxh1 30. Qxh1 Rxb1 31. Qxb1 Qb8 32. Qh7 Qf8 33. Ng5 Ke7 34. Ngxe6
Qb8 35. Qxg7 Qb2+ 36. Kg3 Qxc3+ 37. Kh4 Qe1+ 38. Kg5 1-0

[Event "NAYCC U14"]
[Site "Kingston CAN"]
[Date "2019.08.20"]
[Round "9.129"]
[White "Zhou, Skyler"]
[Black "Ran, Charles"]
[Result "0-1"]
[WhiteElo "1851"]
[BlackElo "1619"]
[PlyCount "44"]
[EventDate "2019.08.16"]
[EventType "swiss"]
[EventRounds "9"]
[EventCountry "CAN"]

1. d4 d5 2. c4 c6 3. Nf3 Nf6 4. e3 e6 5. Bd3 Bd6 6. O-O Nbd7 7. b3 e5 8. dxe5
Nxe5 9. Bb2 Nxf3+ 10. gxf3 Bh3 11. Re1 Ne4 12. f4 Bb4 13. Re2 Bg4 14. cxd5 Qxd5
15. Qc2 Bxe2 16. Qxe2 O-O-O 17. Bxe4 Qxe4 18. Nc3 Bxc3 19. Bxc3 Rhg8 20. Be5 g5
21. f3 gxf4+ 22. Kf2 Qxe5 0-1

[Event "NAYCC U14"]
[Site "Kingston CAN"]
[Date "2019.08.20"]
[Round "9.130"]
[White "Xing, Larrance"]
[Black "Wang, Eric"]
[Result "1/2-1/2"]
[WhiteElo "1746"]
[BlackElo "1554"]
[PlyCount "65"]
[EventDate "2019.08.16"]
[EventType "swiss"]
[EventRounds "9"]
[EventCountry "CAN"]

1. e4 e5 2. Nf3 Nc6 3. Bc4 Bc5 4. c3 Nf6 5. d4 exd4 6. cxd4 Bb4+ 7. Bd2 Nxe4 8.
Bxb4 Nxb4 9. Qb3 d5 10. Qxb4 dxc4 11. Qxc4 O-O 12. O-O Be6 13. Qb5 Nd6 14. Qh5
g6 15. Qh6 Nf5 16. Qf4 Bd5 17. Nc3 Bxf3 18. Qxf3 Qxd4 19. Qxb7 Rab8 20. Qxc7
Rfc8 21. Qa5 Rxb2 22. Rac1 Qd2 23. Qe5 Rc2 24. Rxc2 Qxc2 25. Nd5 Qa4 26. h3 h5
27. Nf6+ Kf8 28. Re1 Qd4 29. Nd7+ Kg8 30. Nf6+ Kf8 31. Nd7+ Kg8 32. Nf6+ Kf8
33. Nd7+ 1/2-1/2

[Event "NAYCC U14"]
[Site "Kingston CAN"]
[Date "2019.08.20"]
[Round "9.131"]
[White "Li, Kevin"]
[Black "Astudillo Cuevas, Alonso"]
[Result "0-1"]
[WhiteElo "1912"]
[BlackElo "1975"]
[PlyCount "24"]
[EventDate "2019.08.16"]
[EventType "swiss"]
[EventRounds "9"]
[EventCountry "CAN"]

1. e4 c5 2. Nf3 g6 3. d4 cxd4 4. Nxd4 Nc6 5. c4 Nf6 6. Nc3 d6 7. Be3 Ng4 8. Bg5
Qb6 9. Ncb5 a6 10. h3 axb5 11. cxb5 Qxd4 12. bxc6 Qxf2# 0-1

[Event "NAYCC U14"]
[Site "Kingston CAN"]
[Date "2019.08.20"]
[Round "9.132"]
[White "Li, Weijie"]
[Black "Liu, Harry"]
[Result "1-0"]
[WhiteElo "2022"]
[BlackElo "1735"]
[PlyCount "63"]
[EventDate "2019.08.16"]
[EventType "swiss"]
[EventRounds "9"]
[EventCountry "CAN"]

1. d4 Nf6 2. Bf4 e6 3. e3 b6 4. Nf3 Bb7 5. Bd3 d5 6. Nbd2 c5 7. c3 Nc6 8. O-O
Bd6 9. Ne5 Qc7 10. Ndf3 Ne4 11. Nxc6 Bxc6 12. Ne5 O-O 13. f3 Nf6 14. Bg3 Nd7
15. Nxd7 Qxd7 16. Bxd6 Qxd6 17. f4 f5 18. Qh5 Rf6 19. Rf2 Rh6 20. Qf3 Rf6 21.
Kh1 Kh8 22. Rg1 Re8 23. g4 g6 24. Rfg2 Qc7 25. Qh3 fxg4 26. Rxg4 Kg7 27. Rh4
Kg8 28. Bxg6 Rxg6 29. Rxg6+ hxg6 30. Rh8+ Kg7 31. Rh7+ Kf6 32. Rxc7 1-0

[Event "NAYCC U14"]
[Site "Kingston CAN"]
[Date "2019.08.20"]
[Round "9.133"]
[White "Li, Wing"]
[Black "Yang, Henry"]
[Result "0-1"]
[WhiteElo "1619"]
[BlackElo "1527"]
[PlyCount "72"]
[EventDate "2019.08.16"]
[EventType "swiss"]
[EventRounds "9"]
[EventCountry "CAN"]

1. d4 d5 2. c4 e6 3. Nf3 Nf6 4. g3 Be7 5. Bg2 O-O 6. O-O b6 7. cxd5 exd5 8. Nc3
Bb7 9. a3 c5 10. Qb3 Nbd7 11. dxc5 Nxc5 12. Qd1 Rc8 13. Bh3 Rb8 14. Bf4 Bd6 15.
Bxd6 Qxd6 16. Nb5 Qe7 17. Nxa7 Rbe8 18. Nd4 Nfe4 19. Nab5 g6 20. Nc3 f5 21.
Nxe4 Nxe4 22. e3 Nd6 23. Bg2 g5 24. Re1 Qg7 25. Qb3 Nc4 26. Qb5 Qf7 27. b3 Ne5
28. Rad1 f4 29. exf4 gxf4 30. Rf1 f3 31. Bh1 Qh5 32. h4 Qg4 33. Rfe1 Qh3 34.
Rxe5 Rxe5 35. Bxf3 Rfe8 36. Bg2 Re1+ 0-1

[Event "NAYCC U14"]
[Site "Kingston CAN"]
[Date "2019.08.20"]
[Round "9.134"]
[White "Vijendra, Vinushan"]
[Black "Wang, Oscar"]
[Result "1-0"]
[WhiteElo "1474"]
[BlackElo "1787"]
[PlyCount "55"]
[EventDate "2019.08.16"]
[EventType "swiss"]
[EventRounds "9"]
[EventCountry "CAN"]

1. e4 c5 2. Nf3 Nc6 3. d4 cxd4 4. Nxd4 g6 5. Be3 Bg7 6. Nc3 d6 7. Be2 Nf6 8.
O-O O-O 9. Rb1 h5 10. h3 Bd7 11. f4 a6 12. Kh1 b5 13. a3 Rc8 14. Qd2 Qc7 15.
Nxc6 Bxc6 16. Bd3 Qb7 17. Bd4 Nxe4 18. Bxe4 Bxe4 19. Bxg7 Bxg2+ 20. Qxg2 Qxg2+
21. Kxg2 Kxg7 22. f5 a5 23. fxg6 Kxg6 24. Rf2 Rc5 25. Rd1 Rfc8 26. Rd5 Rxd5 27.
Nxd5 e6 28. Ne7+ 1-0

[Event "NAYCC U14"]
[Site "Kingston CAN"]
[Date "2019.08.20"]
[Round "9.135"]
[White "Xu, Philip"]
[Black "Yoker, Callum"]
[Result "1-0"]
[WhiteElo "1083"]
[BlackElo "1345"]
[PlyCount "55"]
[EventDate "2019.08.16"]
[EventType "swiss"]
[EventRounds "9"]
[EventCountry "CAN"]

1. c4 e5 2. Nc3 Nc6 3. g3 f5 4. Bg2 Nf6 5. e3 d5 6. cxd5 Nb4 7. d4 e4 8. Bf1
Nbxd5 9. Nge2 Bb4 10. a3 Ba5 11. Qa4+ Bd7 12. Qxa5 b6 13. Qa6 b5 14. Qa5 O-O
15. Nxd5 Nxd5 16. Qd2 Qe8 17. Bg2 Qh5 18. Nc3 Nxc3 19. Qxc3 Be6 20. b4 Rf6 21.
Bb2 Kh8 22. Qc6 Rb8 23. d5 Bxd5 24. Qxd5 Rd6 25. Qe5 Rd7 26. Bxe4 Rbd8 27. Bd4
Qg4 28. Qxf5 1-0

[Event "NAYCC U14"]
[Site "Kingston CAN"]
[Date "2019.08.20"]
[Round "9.136"]
[White "Mai, Deren"]
[Black "Lang, Quintin"]
[Result "1-0"]
[WhiteElo "1277"]
[BlackElo "1103"]
[PlyCount "97"]
[EventDate "2019.08.16"]
[EventType "swiss"]
[EventRounds "9"]
[EventCountry "CAN"]

1. e4 e5 2. Nf3 Nc6 3. Bc4 Nf6 4. d3 h6 5. Be3 Be7 6. O-O O-O 7. c3 d6 8. Nbd2
Be6 9. Bxe6 fxe6 10. Qb3 Qd7 11. d4 exd4 12. cxd4 Kh8 13. h3 a5 14. Rac1 Rfc8
15. a3 d5 16. e5 Ne4 17. Qxb7 Nd8 18. Qb3 c5 19. dxc5 Nxc5 20. Bxc5 Bxc5 21.
Qd3 a4 22. Nh4 Qf7 23. Qb5 Bxf2+ 24. Rxf2 Rxc1+ 25. Nf1 Qh5 26. Rf8+ Kh7 27.
Qd3+ g6 28. Rf6 Rc7 29. Rxg6 Kh8 30. Rg4 Rg7 31. Ng6+ Rxg6 32. Rxg6 Ra7 33. Qg3
Rd7 34. Rg8+ Kh7 35. Rf8 Qg6 36. Rh8+ Kxh8 37. Qxg6 Rg7 38. Qf6 Nf7 39. Qxe6
Ng5 40. Qxh6+ Kg8 41. e6 Nh7 42. Ne3 Kh8 43. Nf5 Ra7 44. e7 Rxe7 45. Nxe7 d4
46. Ng6+ Kg8 47. Ne5 d3 48. Nxd3 Kh8 49. Qa6 1-0

[Event "NAYCC U14"]
[Site "Kingston CAN"]
[Date "2019.08.20"]
[Round "9.137"]
[White "Wang, Robert"]
[Black "Trey, Justin"]
[Result "1/2-1/2"]
[WhiteElo "1287"]
[BlackElo "1419"]
[PlyCount "103"]
[EventDate "2019.08.16"]
[EventType "swiss"]
[EventRounds "9"]
[EventCountry "CAN"]

1. d4 Nf6 2. c4 e6 3. Nf3 Bb4+ 4. Bd2 Qe7 5. a3 Bxd2+ 6. Qxd2 a5 7. e3 d6 8.
Bd3 Nbd7 9. O-O e5 10. e4 exd4 11. Nxd4 Ne5 12. Nc3 Nxd3 13. Qxd3 c6 14. Rfe1
O-O 15. Nf5 Bxf5 16. exf5 Qc7 17. Ne4 Nxe4 18. Qxe4 h6 19. Qg4 Qd7 20. Re3 Rfe8
21. Rg3 f6 22. Qg6 Qf7 23. Qxh6 Re7 24. Qh4 Rae8 25. Rf1 Re4 26. Rg4 Qxc4 27.
f3 Rxg4 28. Qxg4 Qxg4 29. fxg4 Re2 30. Rf2 Re1+ 31. Rf1 Re4 32. h3 Kh7 33. Rd1
d5 34. Kf2 b5 35. Rc1 Rc4 36. Rxc4 bxc4 37. Ke3 c5 38. h4 Kh6 39. Kd2 d4 40.
Kc2 a4 41. Kd2 Kh7 42. g3 Kg8 43. Kc2 Kf7 44. Kd2 Ke7 45. Kc2 Kd6 46. g5 fxg5
47. hxg5 Ke5 48. g4 Kd5 49. Kc1 Ke5 50. Kd2 Kd5 51. Kc2 Ke5 52. Kd2 1/2-1/2

[Event "NAYCC U14"]
[Site "Kingston CAN"]
[Date "2019.08.20"]
[Round "9.138"]
[White "Ouellette, Alex"]
[Black "Ning, Oswin"]
[Result "1/2-1/2"]
[WhiteElo "1393"]
[BlackElo "1805"]
[PlyCount "37"]
[EventDate "2019.08.16"]
[EventType "swiss"]
[EventRounds "9"]
[EventCountry "CAN"]

1. e4 e5 2. Nf3 Nc6 3. d4 exd4 4. Nxd4 Bc5 5. Be3 Bb6 6. c3 Nf6 7. Nd2 d5 8.
Nxc6 bxc6 9. Bxb6 cxb6 10. f3 O-O 11. Bd3 Nh5 12. g3 Re8 13. O-O Qg5 14. f4 Qg6
15. Qf3 Bg4 16. e5 Bxf3 17. Bxg6 Bg4 18. Bd3 Bh3 19. Rf2 1/2-1/2